000 00315nam a22001337a 4500
008 170612b xxu||||| |||| 00| 0 eng d
020 _a047015022X
041 _aeng
080 _a32
100 _a19
101 _aSHP
245 _aRAGE, HATE, ASSAULT, AND OTHER FORMS OF VIOLENCE
_cMADDEN, D.J
942 _2udc
_cBK
999 _c17037
_d17037